Vyhláška k zákonu o sociálnej pomoci
Vyhláška MPSVR SR č. 246/2001 Z.z. na vykonanie niektorých ustanovení zákona o sociálnej pomoci nadobúda účinnosť 1. júla 2001. Od tohto termínu sa ruší doterajšia vyhláška MPSVR SR č. 198/1998 Z.z. na vykonanie niektorých ustanovení zákona o sociálnej pomoci v znení vyhlášky MPSVR SR č. 407/1998 Z....
Salvato in:
| Natura: | Capitolo di libro |
|---|---|
| Lingua: | slovacco |
| Soggetti: | |
| Tags: |
Nessun Tag, puoi essere il primo ad aggiungerne!!
|
MARC
| LEADER | 00000naa a2200000 4500 | ||
|---|---|---|---|
| 001 | r042449 | ||
| 005 | 20231003081917.8 | ||
| 041 | 0 | |a slo | |
| 044 | |a SK | ||
| 245 | 1 | 0 | |a Vyhláška k zákonu o sociálnej pomoci |
| 520 | |a Vyhláška MPSVR SR č. 246/2001 Z.z. na vykonanie niektorých ustanovení zákona o sociálnej pomoci nadobúda účinnosť 1. júla 2001. Od tohto termínu sa ruší doterajšia vyhláška MPSVR SR č. 198/1998 Z.z. na vykonanie niektorých ustanovení zákona o sociálnej pomoci v znení vyhlášky MPSVR SR č. 407/1998 Z.z., vyhlášky MPSVR SR č. 209/1999 Z.z. a vyhlášky MPSVR SR č. 192/2000. Obsah novej vykonávacej vyhlášky. | ||
| 610 | 2 | 0 | |a pomoc sociálna |
| 610 | 2 | 0 | |a zabezpečenie sociálne |
| 610 | 2 | 0 | |a zákony |
| 610 | 2 | 0 | |a vyhlášky |
| 610 | 2 | 0 | |a Slovensko |